书目信息 |
| 题名: |
统计分析概论习题手册
|
|
| 作者: | 贾怀勤 编 | |
| 分册: | ||
| 出版信息: | 北京 对外贸易教育出版社 1984 |
|
| 页数: | 195页 | |
| 开本: | 19cm | |
| 丛书名: | ||
| 单 册: | ||
| 中图分类: | C81 | |
| 科图分类: | ||
| 主题词: | 统计--方法 | |
| 电子资源: | ||
| ISBN: | ||
| 000 | 00624nam0 2200229 45 | |
| 001 | 0184013503 | |
| 005 | 20050613161032.7 | |
| 010 | @dCNY0.70 | |
| 091 | @a4321.07 | |
| 100 | @a19950408d1984 em y0chiy0121 ea | |
| 101 | 0 | @achi |
| 102 | @aCN@b110000 | |
| 105 | @ay q 000yy | |
| 200 | 10 | @a统计分析概论习题手册@Atong ji fen xi gai lun xi ti shou ce@f贾怀勤编@FJia Huai Qin Bian |
| 210 | @a北京@c对外贸易教育出版社@d1984 | |
| 215 | @a195页@d19cm | |
| 606 | 0 | @a统计@x方法 |
| 690 | @aC81@v3 | |
| 701 | 0 | @a贾怀勤@4编 |
| 801 | 0 | @aCN@b上海图书馆@c20040507 |
| 801 | 2 | @aCN@bNLC@c20040507 |
| 905 | @dC81@e9(+)@f1@b135712 | |
| 统计分析概论习题手册/贾怀勤编.-北京:对外贸易教育出版社,1984 |
| 195页;19cm |
| ISBN :CNY0.70 |
| ● |
| 相关链接 |
|
|
|
|
正题名:统计分析概论习题手册
索取号:C81/9(+)
 
预约/预借
| 序号 | 登录号 | 条形码 | 馆藏地/架位号 | 状态 | 备注 |
| 1 | 0135710 | 001143756 | 密集书库/ [索取号:C81/9(+)] | 在馆 | |
| 2 | 0135712 | 001143729 | 第一样本阅览室/ [索取号:C81/9(+)] | 在馆 |